| 000 | 00698nam2a22002291 4500 | ||
|---|---|---|---|
| 001 | RU\NLR\A1SV\150464 | ||
| 005 | 20251214193005.0 | ||
| 035 | _a(NLR Aleph) 011879299 | ||
| 090 |
_a13493448 _c13493448 |
||
| 100 | _a20181112d1926 u y0rusy50 ca | ||
| 101 | 0 | _arus | |
| 200 | 0 | _aВып.1 | |
| 215 | _a16 с. | ||
| 300 | _aБез тит. л. | ||
| 327 | 1 |
_aПолитсатиры _aБыт |
|
| 461 | 1 |
_1001RU\NLR\A1SV\150463 _12000#$vВып.1 _912241801 _aТомилин, Г. _c[Липецк] _d1926 _fГр. Томилин _nЛипец. гос. электротип. _tСатиры _vВып.1 |
|
| 801 | 0 |
_aRU _bNLR _c20181112 |
|
| 852 | _aNLR | ||
| 942 | _cBOOK | ||
| 980 | _aA1SV | ||
| 980 | _aNB | ||